000 00791nac a22002537a 4500
001 BR7803119
003 BR-BrBNA
005 20240105114223.0
008 230509b bl.|||m| |||| 00| 0 por d
040 _aBR-BrBNA
_bpor
_cBiblioteca Nacional de Agricultura
072 _aB50; E30
090 _aB50 BR7803119
100 1 _aOliveira, E.
110 1 _aComissao Executiva do Plano da Lavoura Cacaueira, Belem, PA (Brasil). Depto. Especial da Amazonia
_92095
245 1 _aRondonia: um irreversivel polo cacaueiro [Brasil]
260 3 _aBelem, PA (Brasil):
_c1978.
300 _a48 p.
490 _aCadernos da Amazonia (Brazil)
_vno. 1
_x
650 _aCACAU
650 _aHISTORIA
650 _aRONDONIA
909 _a202312
_bLúcia Elande
_c55
_dLúcia Elande
942 _2AGRIS
_n0
_cMS
999 _c268085
_d268085